Statistiques concernant La réponse est un accessoire de cuisine

Cliquez ici pour prendre le quiz!

Statistiques générales

  • Ce quiz a été pris 173 fois
  • Le résultat moyen est 10 sur 20

Statistiques - réponses

IndiceRéponse% Correct
Mollusque bivalve comestible vivant fixé aux rochersMoule
88%
Habitant de Shanghai ou de PékinChinois
79%
Sac du Père NoëlHotte
77%
Sans reliefPlat
74%
Autre mollusque bivalve très allongéCouteau
73%
Appareil de chauffage pouvant être à bois ou à charbonPoêle
68%
Musicien jouant des percussions dans un groupe de rockBatteur
63%
Est atteint de strabismeLouche
62%
Cordelette de cuir attachée à un manche, accessoire d'Indiana JonesFouet
58%
Système optique utilisé notamment sur des lunettesVerre
52%
Échec cuisantFour
50%
Partie d'une raquette servant à frapper la balleTamis
40%
Qualifie une personne qui évite de dépenser inutilement son argentÉconome
39%
ChanceBol
30%
Vague déferlante appréciée par les surfeursRouleau
29%
Oiseau échassier au bec large et aplatiSpatule
28%
Équilibre d'un cavalier sur sa selleAssiette
19%
Petit luth à caisse de résonance bombéeMandoline
14%
Personne chargée d'harmoniser les pistes sonores d'un filmMixeur
12%
Étui contenant la poudre dans une arme à feuDouille
8%

Distribution des résultats

Percentile par nombre de réponses

% des personnes avec chaque résultat

Votre développement - résultats

Vous n’avez pas pris ce quiz